000 00709nam a2200241 a 4500
001 32057
003 BD-RjUL
005 20211209051801.0
008 140423t1948 enk 000 0 eng d
035 _a(BD-RjUL)32146
040 _aDLC
_cEXC
_beng
_dBD-RjUL
041 _aeng
082 0 4 _a266
_bTRC 1948
100 1 _aTrimingham, J. Spencer
_q(John Spencer),
_d1904-1987.
_997564
245 1 4 _aThe Christian approach to Islam in the Sudan /
_cJ. Spencer Trimingham.
260 _aLondon :
_bOxford University Press,
_c1948.
300 _a73 p. ;
_c19 cm.
650 0 _aMissions
_zSudan.
_997565
650 0 _aIslam
_xMissions.
_997566
942 _2ddc
_cBK
999 _c32057
_d32057